000 00565nam a2200205 a 4500
001 1103436
005 20231204020045.0
008 930108s1992 ii a 001 0 eng
020 _a8170362997 :
020 _a8170363004 (pbk.)
040 _aDLC
_cDLC
_dDLC
082 _222
_a305.4,
_bKAL.
100 1 _aRose, Kalima.
245 1 0 _aWhere women are leaders :
_bthe Sewa movement in India /
_cKalima Rose.
260 _aNew Delhi :
_bVistaar Publications,
_c1992.
300 _a286 p. :
500 _aIncludes index.
650 0 _aSelf-employed women
942 _cL
999 _c126
_d126